| 000 | 00478nam a22001817a 4500 | ||
|---|---|---|---|
| 005 | 20210423055113.0 | ||
| 008 | 210223b1985 ||||| |||| 00| 0 eng d | ||
| 020 | _a33029380 | ||
| 040 | _cDLC | ||
| 080 |
_a821.111 _bF-15 |
||
| 100 |
_9655 _aFrancis.Dick |
||
| 245 | _aBreak inLondon | ||
| 260 |
_aLondon _bPan books _c1987 |
||
| 300 | _a271 p.: | ||
| 650 | 0 |
_9247 _aEnglish literature |
|
| 653 | _aინგლისური ლიტერატურა | ||
| 942 |
_2udc _cBK |
||
| 999 |
_c1676 _d1676 |
||